Vita di coppia (Record no. 209873)

MARC details
000 -LEADER
fixed length control field 01229nam a2200205Ia 4500
001 - CONTROL NUMBER
control field b7104-52972
003 - CONTROL NUMBER IDENTIFIER
control field IT-MiCISF
008 - FIXED-LENGTH DATA ELEMENTS--GENERAL INFORMATION
fixed length control field 161014s9999||||xx |||||||||||||| ||und||
040 ## - CATALOGING SOURCE
Original cataloging agency IT-MiCISF
Transcribing agency IT-MiCISF
041 ## - LANGUAGE CODE
Language code of text/sound track or separate title it
999 ## - SYSTEM CONTROL NUMBERS (KOHA)
Koha Dewey Subclass [OBSOLETE] si
100 ## - MAIN ENTRY--PERSONAL NAME
Personal name Lavra Michele
245 #0 - TITLE STATEMENT
Title Vita di coppia
Remainder of title preparazione ed esperienze familiari
250 ## - EDITION STATEMENT
Edition statement 1a ed.
260 ## - PUBLICATION, DISTRIBUTION, ETC. (IMPRINT)
Place of publication, distribution, etc. Torino
Name of publisher, distributor, etc. Elledici
Date of publication, distribution, etc. 2013
300 ## - PHYSICAL DESCRIPTION
Extent pp. 151
500 ## - GENERAL NOTE
General note / preparazione-al-matrimonio, pastorale-prematrimoniale, fidanzamento, esperienze / L'autore, attingendo alla propria esperienza di ministero pastorale a contatto con tante coppie e di studio sulla Parola di Dio contenuta nella Bibbia, propone una serie di riflessioni sulla vita di coppia. La prima parte contiene l'essenziale di alcuni corsi di formazione alla vita a due, con una varietà di proposte che possono illuminare il cammino di preparazione a questa scelta fondamentale della vita. La seconda parte riporta alcune esperienze di vita a due: primi passi dopo il matrimonio, novità e sorprese durante il cammino, nascita dei figli... Al termine di ogni capitolo sono suggeriti spunti per la riflessione personale.
650 ## - SUBJECT ADDED ENTRY--TOPICAL TERM
Topical term or geographic name as entry element pastorale-familiare
942 ## - ADDED ENTRY ELEMENTS (KOHA)
Koha item type LIBRO
957 ## -
-- 1
999 ## - SYSTEM CONTROL NUMBERS (KOHA)
-- 1
Holdings
Withdrawn status Lost status Damaged status Not for loan Home library Current library Date acquired Total Checkouts Full call number Date last seen Price effective from Koha item type Public note
    Buone Condizioni Not For Loan CISF - Milano CISF - Milano 14/10/2016   b7104-52972 14/10/2016 14/10/2016 LIBRO Data import 15.10.2016 / by Epidotti, Vaglietti
CREDITS: SOCIETA' SAN PAOLO Via A.Severo, 58 - ROMA (RM) & PERIODICI SAN PAOLO SRL Via Giotto, 36 MILANO & CISF Via Giotto, 36 MILANO & EDIZIONI SAN PAOLO SRL,  Piazza Soncino, 5 CINISELLO BALSAMO (MI) -- ITALY